000 00624nam a2200241 a 4500
001 BS0000097
003 BR-BrBNA
005 20230418191346.0
008 230308b |||||||| |||| 00| 0 por d
040 _aBR-BrBNA
_bpor
_cBiblioteca Nacional de Agricultura
041 _apor
072 _aE11
090 _aE11 BS0000097
100 1 _aSiqueira, N.
245 1 _aMergulho: auto-ajuda com a ajuda do alto /
260 3 _aBrasília:
_bProjecto Editorial,
_c2001.
300 _a80 p.
650 _aTEOLOGIA
650 _aPSICANÁLISE
650 _aAUTO AJUDA
909 _a202304
_bSergio Santos
_c56
_dSergio Santos
942 _cBK
999 _c5160
_d5160